1297 1410 1042 1052 1102 1690 1729 1399 1730 1933 1776 1263 1101 1670 1115 1937 1037 1566 1537 1317 1875 1928 1819 1670 1369 1951 1609 1944 1336 1592 1922 1864 1875 1037 1047 1050 1362 1525 1305 1730 1797 1820 1894 1114 1377 1681 1235 1257 1975 1522 1650 1944 1551 1193 1662 1531 1604 1864 1114 1728 1685 1790 1954 1029 1342 1950 1123 1004 1360 1531 1122 1481 1412 1224 1322 1017 1361 1927 1855 1242 1508 1189 1084 1306 1392 1468 1899 1241 1293 1837 1418 1622 1663 1094 1505 1715 1528 1644 1097 BCNSPRNW ULIB Ver.6.0+V

เปลี่ยนเป็นภาษาไทย

Change to English
 แสดงรายละเอียดบรรณานุกรม
  กลับหน้าหลัก

Brief Record : Get Marc (ISO 2709) : E-mail record : QR code < ปิดหน้าต่าง
LEADER : 00000nam 2200000uu 4500
001    13399108931
003     ULIB
008    110316s2545||||th 000 0 tha d
060  4 WA19^bจ682ร 2545
110 1  จุฬาลงกรณ์มหาวิทยาลัย^bสถาบันวิจัยสังคม
245 00 รายงานประเมินศักยภาพวิทยาลัยในสังกัดกระทรวงสาธารณสุข/^cสถาบันวิจัยสังคม
260    นนทบุรี:^bสถาบันวิจัยสังคม,^c2545
300    29 หน้า:^bภาคผนวก 64 หน้า
650  7 ประเมิณศักยภาพ
945    ^p0^l0^i015751
995    ทศพร
999 ^a ใช้งานได้ทุกระบบ
รายการนี้ยังไม่มีแท็ก
คุณยังไม่ได้ล็อกอิน คุณสามารถมีกิจกรรมร่วมกับเว็บไซต์ได้ แต่ต้องล็อกอินก่อน ::
  ล็อกอิน

รายการสื่อสารสนเทศ

ลำดับที่ ประเภท เลขเรียก/บาร์โค้ด สถานที่ สถานะ
- ไม่พบข้อมูล -

BibComment


ยังไม่เคยถูกคอมเมนท์

คอมเมนท์ทรัพยากรรายการนี้
  คอมเมนท์: รายงานประเมินศักย..


 Copyright 2026. Bcnsprnw @Library